Fixed point theory in topological vector spaces /

Guardado en:
Autor Principal: Hadzic, Olga.
Formato: Libro
Idioma:English
Publicado: Novi Sad : University of Novi Sad, Institute of Mathematics, 1984.
Materias:
Etiquetas: Agregar Etiqueta
Sin Etiquetas, Sea el primero en etiquetar este registro!
LEADER 00735nam a2200229 a 4500
001 MAT.inmabb006250
008 850628s1984####yu#######b####001#0#eng##
005 20130225160008.0
245 1 0 |a Fixed point theory in topological vector spaces /  |c Olga Hadzic. 
260 |a Novi Sad :  |b University of Novi Sad, Institute of Mathematics,  |c 1984. 
300 |a 337 p. ;  |c 24 cm. 
504 |a Bibliografía: p. 311-322. 
500 |a Includes innex. 
510 4 |a MR,  |c 87m:47127 
100 1 |a Hadzic, Olga. 
650 0 |a Fixed point theory. 
650 0 |a Vector spaces. 
650 0 |a Linear topological spaces. 
084 |a 47H10 (08A02 54H25)  |2 msc2000 
010 |a  85171999  
040 |a DLC  |c DLC  |d DLC 
859 |h 47  |i H132  |p A-5667  |b BIB. MATEMATICA